MDQL
is popping MORE tags! Check the
thread
!
Quizzes
Events
Quiz Creation
Community
Videos
Private Events
Remove Ads
Sign In
Join for FREE
Feedback
Dark Mode
Quiz Categories
Sports
Geography
Music
Movies
Television
Just For Fun
Miscellaneous
History
Literature
Language
Science
Gaming
Entertainment
Religion
Holiday
For Kids
Quiz Lab
Recent
Popular Today
Quiz Kudos Today
Editor Picks
Curator Picks
Quizzes by...
Day
Popularity
Type
Ratings
Length
Year
Community
Subscriptions
Recent Discussions
Orange Saloon
Badges
Playlists
Quests
Create
Leaderboards
Showdown
Live 5
Trivia Bingo
Activity
Puzzle Library
Sporcle Events
Private Events
Virtual Trivia
Globe League
Become a Host
Pub Owners
SporcleCon
Opinionation
Our Games
Videos
Blog
Mobile Apps
Partnerships
Remove Ads and Go Orange
Feedback
Music
Pop Music
The Beatles
Song
Album
Lyrics
Bands
Singers
Artist
Clip
Rock
Rap
Classical
Billboard
Country Music
Kpop
Taylor Swift
Music
Pop Music
The Beatles
Song
Album
Lyrics
Bands
Singers
Artist
Clip
Rock
Rap
Classical
Billboard
Country Music
Kpop
Taylor Swift
Random Quiz
Search Sporcle
×
Quiz Lab
Quiz Lab
Music
Song
Type in answers that appear in a list
Type in answers that appear in a list
Classic
Best Score? Go Orange.
Songs by Lyrics Stats
Can you name the Songs by Lyrics?
By
mcriegel56
10m
20 Questions
32 Plays
32 Plays
32 Plays
Comments
Comments
Give Quiz Kudos
Give Quiz Kudos
-
- Ratings
hide this ad
Replay
Link that replays current quiz
Next Quiz
Link to next quiz in quiz playlist
You Got
0%
They Got
Avg Score
35%
Avg Friend Score
Upgrade to see
Score Distribution
Jump to the score distribution portion of the page
Score
0/20
Timer
10:00
0
Plays Today
Lyrics
Song
% Correct
There ain't no reason you and I should be alone tonight yeah baby!
The Edge of Glory
68.8%
I throw my hands up in the air sometimes, sayin' Ay, Oh, Gotta let go
Dynamite
68.8%
I let it fall, my heart. And as it fell, you rose to claim it.
Set Fire to the Rain
56.3%
Lay where you're layen, don't ake a sound, I know their watchen'...
Sex on Fire
50%
They told him 'Don't you ever come around here, don't wanna see your face you betta disapear.'
Beat It
50%
Do you ever feel like a plastic bag, drifting threw the wind, wanting to start again
Firework
50%
Oh, well imagine as I'm pacing the pews in a Church Coredor and I can't help but to hear...
I Write Sins Not Tragedies
46.9%
I'm felling sexy and free, like glitters raining on me. Your like a shot of pure gold...
Domino
46.9%
Debbie just hit the wall, she never had it all, 1 prozac a day, husbands a C.P.A.
1985
40.6%
Take this pink ribbon off my eyes, I'm exposed and it's no big suprise...
Just a Girl
34.4%
Lyrics
Song
% Correct
Hey, don't write yourself of yet, it's only in your head you feel left out...
The Middle
34.4%
On my waist, through my hair, think about it when you touch me there...
Dancing in the Dark
31.3%
Yeah, Here we go 4 the 100 time, hand grenade pins in line, throw em' up and let something shine...
Bleed It Out
28.1%
You say that I'm messin' with your head... All cause' I was making out with your friends...
What the Hell
25%
I have a heart I swear I do but just not baby when it comes to you...
Cannibal
18.8%
The secret side of me, I'll never let you see... I keep it caged but I can't control it...
Monster
18.8%
Step 1, you say we need to talk, he walks, he says 'Sit down it's just a talk'...
How to Safe a Life
15.6%
I think you can do much better than me, after all the lies that I made you believe
Better Than Me
12.5%
Boys and girls of every age, wouldn't you like to something strange...
This is Halloween
12.5%
Life is good I can't complain. I mean I could but no ones listening...
Like Whoa
9.4%
Quiz Playlist
Details
Report
Send in Message
Add To Playlist
Classic:
Type in answers that appear in a list
Last Updated: Feb 16, 2017
Quiz Scoreboard
CHALLENGE
Sign Up to Join the Scoreboard
Show All
Scores
Hide
Comments
May contain spoilers
Recently Published
Colored Red Africa Blitz
by spor1
Geography
30s
Find the 'City' Movie
by crazypaving
Movies
60s
5x2 Blitz: Bands
by SL_Kpop136
Music
30s
More to Explore
Quiz From the Vault
Featured Blog Post
14 Easter Pick-up Lines to Find Eggs With
hide this ad
You Might Also Like...
Tags
Song Quiz
Today's Top Quizzes in Music
Browse Music
hide this ad
Today's Top Quizzes in Song
Browse Song
Top Contributed Quizzes in Music
1
5X2 Blitz: Bands II
2
5X2 Blitz: The Beatles
3
Taylor Swift All Songs (2024)
4
5X2 Blitz: Billboard
5
Taylor Swift Logic Puzzle II
6
5X2 Blitz: Billboard II
7
Taylor Swift Logic Puzzle
8
5X2 Blitz: Rock
9
5X2 Blitz: Singers
10
5X2 Blitz: Album
Explore More
Trending Topics
Crossword
Marvel
Disney
Kpop
NBA
Anime
Harry Potter
Puzzle
Song
Soccer
Pokémon
WWE
The Office
Country
NFL
hide this ad
More By:
mcriegel56
Quiz
Plays
Rating
Category
Featured
Created
1st, 2nd, 3rd, or 4th Generation (Pokemon) #4: 5th Gen.
37,824
2.42
Gaming
Jan 22, 2013
1st, 2nd, 3rd, 4th, 5th or 6th Gen. (Pokemon) #6
21,812
3.00
Gaming
Nov 26, 2013
1st, 2nd, 3rd, 4th or 5th Generation (Pokemon) #5
21,354
2.30
Gaming
Jun 10, 2013
1st, 2nd, 3rd, or 4th Generation (Pokemon)
2,454
2.67
Gaming
Jan 19, 2013
Total Drama Elemination Order
1,998
1.00
Television
Aug 1, 2013
Go to Creator's Profile
Score Distribution
Quiz Creator Spotlight
mcriegel56
Follow
Send a Message
Quizzes Created
-
Created Quiz Play Count
-
More By This Creator
Popular Quizzes Today
1
Colored Red Africa Blitz
2
Find the 'City' Movie
3
5x2 Blitz: Bands
4
Find the US States - No Outlines Minefield
5
The Countries of the World
6
Find the US States
7
US States
8
Find the Countries of Europe - No Outlines Minefield
More Music Quizzes
Four-Word Albums
Curator's Pick
Trending Quizzes
Colored Red Europe Blitz I
Colored Red Europe Blitz II
Colored Red Africa Blitz II
Colored Red Europe Blitz III
Colored Red Africa Blitz III
Recently Updated
How Do You Spell That?
pecheneg
Godzilla Movies
pecheneg
Grab Bag: 4-10 Letters
pecheneg
2024 March Madness Bracket
pecheneg
Famous TV Couples
Peacemaker
Champions League XIs: Real Madrid
pecheneg
Largest US Cities 1790-2010
pecheneg
Rides in Walt Disney World
pecheneg
Most Oscar Losses (Acting)
pecheneg
Beyoncé Albums
pecheneg
Trending Topics
Marvel
Anime
Kpop
Disney
Harry Potter
NBA
Crossword
Soccer
The Office
Song
NFL
Country
Puzzle
WWE
Pokémon
Your Account Isn't Verified!
In order to create a playlist on Sporcle, you need to verify the email address you used during registration. Go to your
Sporcle Settings
to finish the process.
Report this User
Report this user for behavior that violates our
Community Guidelines
.
Details:
Send Report
Go to the Sporcle.com Mobile Site →
Comments